| 000 | 00777cam a2200181K 4500 | ||
|---|---|---|---|
| 082 |
_a355.02 _bDON _cD |
||
| 100 | 1 |
_aDonaldson, John William Edward, _949602 |
|
| 245 | 1 | 0 |
_aMilitary history applied to modern warfare _bA guide to the study of military history exemplified by studies of the campaigns of Austerlitz, Jena, Vimiero, Corunna, Salamanca, Waterloo, and the Shenandoah Valley. _cBy the late Captain J.W.E. Donaldson. |
| 250 | _a2d ed., | ||
| 260 |
_aLondon, _bHugh Rees Ltd., _c1907. |
||
| 300 | _a1 online resource (xxiv, 395 p.) | ||
| 526 |
_a0 _b0 _c0 _d355_020000000000000_DON |
||
| 650 | 0 |
_aMCE _9379 |
|
| 650 | 0 | _aStrategy. | |
| 700 | 1 |
_aBecke, Archibald Frank, _949603 |
|
| 856 | 4 | 0 | _uhttp://catalog.hathitrust.org/api/volumes/oclc/809191.html |
| 942 |
_2ddc _cBK |
||
| 999 |
_c552388 _d552388 |
||